000 00763nam a2200217Ii 4500
003 JO-AjNU
008 230605s9999||||xx |||||||||||||| ||und||
017 _a2010/11/4215
040 _aJO-AjNU
_bara
_erda
_cJO-AjNU
041 _aara
050 1 4 _aRA425.D34 2010
100 3 _a المديرية العامة للدفاع المدني,
_eauthor
_961070
245 0 0 _aدليل البيت الامن
264 3 1 _aعمان: وزارة الثقافة، 2010
300 _a111ص
336 _atext
_btxt
_2rdacontent
337 _aunmediated
_bn
_2rdamedia
338 _avolume
_bnc
_2rdacarrier
490 0 _aالقراءة للجميع/وزارة الثقافة/الاردن/2010
650 4 _aالسلامة العامة - سلامة المساكن
_961071
999 _aA27581
_c31149
_d31149